80 größte Agglomerationen, die mit S beginnen - Statistiken

Allgemein
  • Dieses Quiz wurde 31 mal gespielt
  • Das Durchschnittsergebnis liegt bei 25 aus 80
Antwortstatistiken
Einwohner Agglomeration Staat % Korrekt
23.000 Seoul Süd-Korea
100%
40.000 Schanghai China
96%
1.400 Stuttgart Deutschland
96%
6.200 Singapur Singapur
92%
6.700 Santiago de Chile Chile
88%
22.000 São Paulo Brasilien
88%
1.200 Sevilla Spanien
88%
5.100 Sydney Australien
88%
6.000 Sankt Petersburg Russland
83%
1.600 San Salvador El Salvador
83%
1.100 Sofia Bulgarien
83%
1.900 Stockholm Schweden
83%
2.400 San José Costa Rica
75%
4.400 Santo Domingo Dominikanische Republik
75%
4.000 Seattle USA
75%
3.500 Sanaa Jemen
71%
1.150 Sheffield Vereinigtes Königreich
58%
2.050 Sacramento USA
54%
3.150 San Diego USA
54%
2.250 Sapporo Japan
54%
1.300 Samara Russland
50%
6.500 San Francisco USA
50%
2.200 San Antonio USA
46%
1.250 San Juan Puerto Rico
46%
2.100 Santa Cruz de la Sierra Bolivien
46%
7.000 Surabaya Indonesien
46%
1.200 Sansibar Tansania
38%
950 Southampton Vereinigtes Königreich
38%
800 Suez Ägypten
38%
5.500 Surat Indien
38%
3.000 Salvador Brasilien
33%
1.500 Samarkand Usbekistan
33%
1.250 Salem Indien
25%
8.000 Shenyang China
25%
1.000 Sousse Tunesien
25%
700 Samsun Türkei
21%
1.700 Santos / Baixada Santista Brasilien
21%
1.550 São Luís Brasilien
21%
1.200 Saratow Russland
21%
1.500 Sendai Japan
21%
2.400 Salt Lake City USA
17%
1.350 San Pedro Sula Honduras
17%
700 Saragossa Spanien
17%
1.700 Schiras Iran
17%
2.400 Semarang Indonesien
17%
11.000 Shantou China
17%
6.500 Shijiazhuang China
17%
900 Suzhou China
17%
2.150 Saint Louis USA
13%
1.400 San Luis Potosí Mexiko
13%
1.100 Sokoto Nigeria
13%
700 Salta Argentinien
8%
1.150 Saltillo Mexiko
8%
800 Samarinda Indonesien
8%
1.300 Schimkent Kasachstan
8%
1.000 Sholapur Indien
8%
1.800 Srinagar Indien
8%
850 Santiago de los Caballeros Dominikanische Republik
4%
900 Sanya China
4%
900 Shiliguri Indien
4%
1.600 Surakarta Indonesien
4%
950 Saharanpur Indien
0%
1.100 Sanliurfa Türkei
0%
1.000 São José dos Campos Brasilien
0%
700 Saporischschja Ukraine
0%
1.000 Sargodha Pakistan
0%
750 Serang Indonesien
0%
1.500 Serekunda Gambia
0%
2.000 Shangqiu China
0%
1.400 Shangrao China
0%
1.500 Shangyu China
0%
850 Shaoguan China
0%
900 Shaoyang China
0%
950 Sialkot Pakistan
0%
880 Sorocaba Brasilien
0%
850 Sreepur Bangladesch
0%
800 Suining China
0%
700 Sukkur Pakistan
0%
800 Sulaimaniya Irak
0%
1.000 Suqian China
0%
Keine übereinstimmenden Quizze gefunden
Verteilung der Resultate
Anzahl Personen mit jedem Resultat
Perzentil nach korrekt beantworteten Fragen
Ihre Resultats-Entwicklung
Sie haben dieses Quiz noch nicht gespielt